دوہفتے مشرقی پاکستان ;;; tho hapte mushreqi pakistan / (Record no. 40650)
[ view plain ]
| 000 -LEADER | |
|---|---|
| fixed length control field | 00632nam a2200205 a 4500 |
| 001 - CONTROL NUMBER | |
| control field | 40650 |
| 003 - CONTROL NUMBER IDENTIFIER | |
| rucl marc code | BD-RjUL |
| 005 - DATE AND TIME OF LATEST TRANSACTION | |
| control field | 20240523150849.0 |
| 008 - FIXED-LENGTH DATA ELEMENTS--GENERAL INFORMATION | |
| fixed length control field | 240523s1962 pk ||||| b||| 00| 0 urd d |
| 035 ## - SYSTEM CONTROL NUMBER | |
| System control number | (BD-RjUL)40650 |
| 040 ## - CATALOGING SOURCE | |
| Original cataloging agency | BD-RjUL |
| Language of cataloging | ben |
| Transcribing agency | BD-RjUL |
| 041 ## - LANGUAGE CODE | |
| Language code of text/sound track or separate title | ben |
| 082 ## - DEWEY DECIMAL CLASSIFICATION NUMBER | |
| Edition number | 23 |
| Author mark and year | KHD |
| Classification number | 954.91 |
| 100 ## - MAIN ENTRY--PERSONAL NAME | |
| Personal name | الخيري, رازق ;; Al-Khairi, Raziq |
| 9 (RLIN) | 125079 |
| 245 10 - TITLE STATEMENT | |
| Title | دوہفتے مشرقی پاکستان ;;; tho hapte mushreqi pakistan / |
| Statement of responsibility, etc. | رازق الخيري ;;; Raziq Al-Khairy |
| 260 ## - PUBLICATION, DISTRIBUTION, ETC. (IMPRINT) | |
| Place of publication, distribution, etc. | Karachi : |
| Name of publisher, distributor, etc. | asmat book , |
| Date of publication, distribution, etc. | 1962 |
| 300 ## - PHYSICAL DESCRIPTION | |
| Pagination | 143 p. ; |
| Size | 18 cm |
| 650 ## - SUBJECT ADDED ENTRY--TOPICAL TERM | |
| Geographic subdivision | Pakistan |
| 942 ## - ADDED ENTRY ELEMENTS (KOHA) | |
| Source of classification or shelving scheme | Dewey Decimal Classification |
| Koha item type | Books |
| Lost status | Source of classification or shelving scheme | Damaged status | Not for loan | Collection code | Permanent Location | Current Location | Shelving location | Date acquired | Total Checkouts | Full call number | Date last seen | Copy number | Koha item type |
|---|---|---|---|---|---|---|---|---|---|---|---|---|---|
| Dewey Decimal Classification | Not For Loan | Non-fiction | Central Library, University of Rajshahi | Central Library, University of Rajshahi | Reading Room | 07/07/1976 | U 954.91 KHD 1962 | 23/05/2024 | C-1 | Books |